[Event "Southend op"]
[Site "Southend"]
[Date "2024.03.31"]
[Round "8"]
[White "Kalavannan, Koby"]
[Black "Lalic, Bogdan"]
[Result "0-1"]
[WhiteElo "2324"]
[BlackElo "2354"]
[PlyCount "72"]
[EventDate "2024.03.28"]
[EventType "swiss"]
[EventRounds "9"]
[EventCountry "ENG"]
[SourceTitle "CB14_2024"]
[SourceDate "2024.04.01"]
[SourceVersion "1"]
[SourceVersionDate "2024.04.01"]
[SourceQuality "1"]

1. d4 Nf6 2. c4 c5 3. d5 b5 4. cxb5 a6 5. e3 g6 6. Nc3 Bg7 7. d6 0-0 8. Nd5 exd6 9. Nxf6+ Qxf6 10. Nh3 Bb7 11. Nf4 Qe5 12. bxa6 Nxa6 13. Bd2 d5 14. Be2 Bc6 15. Rb1 Rfb8 16. b3 Nb4 17. 0-0 Rxa2 18. Rc1 d4 19. exd4 Qxd4 20. Be3 Qxd1 21. Bxd1 d6 22. h4 Bb2 23. Rc4 Bb5 24. Be2 Be5 25. Re1 Bxc4 26. Bxc4 Nc2 27. Re2 Nxe3 28. fxe3 Rxe2 29. Nxe2 Ra8 30. Kf2 Ra1 31. e4 Kg7 32. g3 f5 33. Kf3 Rd1 34. Ke3 Bd4+ 35. Kf4 Rf1+ 36. Kg5 Bf6# 0-1

[Event "Budapest FS03 GM"]
[Site "Budapest"]
[Date "2024.03.02"]
[Round "1"]
[White "Lalic, Bogdan"]
[Black "Seres, Lajos"]
[Result "1/2-1/2"]
[WhiteElo "2354"]
[BlackElo "2326"]
[PlyCount "33"]
[EventDate "2024.03.02"]
[EventType "tourn"]
[EventRounds "10"]
[EventCountry "HUN"]
[EventCategory "6"]
[SourceTitle "CB12_2024"]
[SourceDate "2023.10.01"]
[SourceVersion "1"]
[SourceVersionDate "2023.10.01"]
[SourceQuality "1"]

1. d4 Nf6 2. c4 e6 3. Nf3 d5 4. g3 Bb4+ 5. Bd2 Be7 6. Bg2 0-0 7. 0-0 c6 8. Qc2 b6 9. Rd1 Bb7 10. Bf4 Nbd7 11. Nc3 Rc8 12. Rac1 Nh5 13. Bd2 Nhf6 14. Bf4 Nh5 15. Bd2 Nhf6 16. Bf4 Nh5 17. Bd2 1/2-1/2

[Event "Marianske Lazne GM-A2 22nd"]
[Site "Marianske Lazne"]
[Date "2024.01.17"]
[Round "6"]
[White "Lalic, Bogdan"]
[Black "Raczek, Krzysztof"]
[Result "1-0"]
[WhiteElo "2349"]
[BlackElo "2347"]
[PlyCount "69"]
[EventDate "2024.01.13"]
[EventType "tourn"]
[EventRounds "9"]
[EventCountry "CZE"]
[EventCategory "6"]
[SourceTitle "CB04_2024"]
[SourceDate "2023.10.16"]
[SourceVersion "1"]
[SourceVersionDate "2023.10.16"]
[SourceQuality "1"]

1. d4 Nf6 2. c4 e6 3. Nf3 d5 4. Nc3 dxc4 5. e3 c5 6. Bxc4 a6 7. a4 Nc6 8. 0-0 Be7 9. Qe2 0-0 10. Rd1 cxd4 11. Nxd4 Nxd4 12. exd4 Bd6 13. Bg5 h6 14. Bh4 Re8 15. Ne4 Be7 16. Bxf6 Bxf6 17. d5 e5 18. d6 Bf5 19. Bd5 Bxe4 20. Qxe4 Rb8 21. Bxb7 Qb6 22. d7 Red8 23. Bc8 a5 24. b3 Qa7 25. Qd5 Rb4 26. Rac1 Kh7 27. g3 Kg8 28. Rc5 Rxb3 29. Rxa5 Qc7 30. Qc5 Qxc5 31. Rxc5 Kf8 32. a5 Ke7 33. a6 Ra3 34. Rcc1 e4 35. Rc4 1-0

[Event "Marianske Lazne GM-A2 22nd"]
[Site "Marianske Lazne"]
[Date "2024.01.16"]
[Round "5"]
[White "Lalic, Bogdan"]
[Black "Morris, James"]
[Result "1/2-1/2"]
[WhiteElo "2349"]
[BlackElo "2416"]
[PlyCount "25"]
[EventDate "2024.01.13"]
[EventType "tourn"]
[EventRounds "9"]
[EventCountry "CZE"]
[EventCategory "6"]
[SourceTitle "CB04_2024"]
[SourceDate "2023.10.16"]
[SourceVersion "1"]
[SourceVersionDate "2023.10.16"]
[SourceQuality "1"]

1. d4 Nf6 2. c4 e6 3. Nf3 Bb4+ 4. Bd2 a5 5. Nc3 d5 6. e3 0-0 7. Bd3 b6 8. Rc1 Bb7 9. a3 Be7 10. 0-0 Nbd7 11. cxd5 exd5 12. Qc2 Re8 13. Ne5 1/2-1/2

[Event "Mont de Marsan 20th"]
[Site "Mont de Marsan"]
[Date "2023.12.29"]
[Round "7"]
[White "Blanchet, Mathieu"]
[Black "Lalic, Bogdan"]
[Result "0-1"]
[WhiteElo "2090"]
[BlackElo "2355"]
[PlyCount "76"]
[EventDate "2023.12.26"]
[EventType "swiss"]
[EventRounds "9"]
[EventCountry "FRA"]
[SourceTitle "CB01_2024"]
[SourceDate "2024.01.03"]
[SourceVersion "1"]
[SourceVersionDate "2024.01.03"]
[SourceQuality "1"]

1. d4 d5 2. c4 e6 3. Nc3 Be7 4. Bf4 Nf6 5. e3 0-0 6. Bd3 dxc4 7. Bxc4 a6 8. Nf3 b5 9. Bd3 Bb7 10. a3 c5 11. dxc5 Bxc5 12. 0-0 Nbd7 13. Be2 Rc8 14. Bd6 Bxd6 15. Qxd6 Nb6 16. Qxd8 Rfxd8 17. Rfd1 Nfd5 18. Nxd5 Bxd5 19. Rac1 Na4 20. b4 Nc3 21. Rxc3 Rxc3 22. e4 Rxa3 23. exd5 Rxd5 24. Rxd5 exd5 25. Nd4 Ra1+ 26. Bf1 Rd1 27. Nc6 d4 28. Ne5 Rb1 29. Nd3 a5 30. bxa5 b4 31. a6 b3 32. g3 b2 33. Nxb2 Rxb2 34. Kg2 Rb3 35. Bc4 Ra3 36. Kf1 Kf8 37. Ke2 Ke7 38. Kd2 f6 0-1

[Event "EU-ch Rapid"]
[Site "Zagreb"]
[Date "2023.12.15"]
[Round "10"]
[White "Haszon, David"]
[Black "Lalic, Bogdan"]
[Result "0-1"]
[WhiteElo "2245"]
[BlackElo "2355"]
[PlyCount "120"]
[EventDate "2023.12.14"]
[EventType "swiss (rapid)"]
[EventRounds "11"]
[EventCountry "CRO"]
[SourceTitle "CB51_2023"]
[SourceDate "2023.12.20"]
[SourceVersion "1"]
[SourceVersionDate "2023.12.20"]
[SourceQuality "1"]

1. d4 d5 2. Bf4 c5 3. e3 cxd4 4. exd4 Nc6 5. c3 Bf5 6. Nf3 e6 7. Bd3 Bxd3 8. Qxd3 Bd6 9. Bxd6 Qxd6 10. 0-0 Nge7 11. Nbd2 0-0 12. Rae1 Ng6 13. h4 Rfe8 14. Re3 f6 15. g3 Rad8 16. h5 Nf8 17. Rfe1 e5 18. Qf5 e4 19. Nh4 Ne7 20. Qg4 Qd7 21. Qxd7 Rxd7 22. g4 g5 23. hxg6 Nfxg6 24. Nxg6 hxg6 25. f3 f5 26. fxe4 dxe4 27. Nc4 Nd5 28. Rh3 Rg7 29. Ne5 Nf6 30. Re2 Rxe5 31. dxe5 Nxg4 32. Rg3 Nxe5 33. c4 Kf7 34. c5 Ke6 35. b4 Kd5 36. Rd2+ Nd3 37. Rgxd3+ exd3 38. Rxd3+ Kc4 39. Rb3 Rd7 40. Rg3 Kxb4 41. c6 bxc6 42. Rxg6 c5 43. Rf6 c4 44. Rxf5 c3 45. Rf4+ Ka3 46. Rc4 Rd3 47. Kf2 Kxa2 48. Ke2 Rd2+ 49. Ke1 Kb3 50. Rc7 Rd5 51. Rb7+ Kc2 52. Rxa7 Re5+ 53. Kf2 Kb2 54. Rb7+ Kc1 55. Rc7 c2 56. Rb7 Kd2 57. Rd7+ Kc3 58. Rc7+ Kd3 59. Rd7+ Kc4 60. Rc7+ Rc5 0-1

[Event "Budapest FS12 IM"]
[Site "Budapest"]
[Date "2023.12.06"]
[Round "5"]
[White "Balint, Vilmos"]
[Black "Lalic, Bogdan"]
[Result "1/2-1/2"]
[WhiteElo "2223"]
[BlackElo "2355"]
[PlyCount "60"]
[EventDate "2023.12.02"]
[EventType "tourn"]
[EventRounds "9"]
[EventCountry "HUN"]
[SourceTitle "CB51_2023"]
[SourceDate "2023.12.20"]
[SourceVersion "1"]
[SourceVersionDate "2023.12.20"]
[SourceQuality "1"]

1. e4 c5 2. Nf3 d6 3. d4 cxd4 4. Nxd4 Nf6 5. Nc3 a6 6. f3 e5 7. Nde2 Be6 8. Bg5 Nbd7 9. g4 h5 10. gxh5 Qb6 11. h6 gxh6 12. Bh4 Qxb2 13. Rb1 Qa3 14. Rxb7 Rc8 15. Qd2 Be7 16. Bf2 Bd8 17. Kd1 Ba5 18. Be1 d5 19. Rb3 Qc5 20. Qd3 dxe4 21. fxe4 Bxb3 22. axb3 Qc6 23. Bh3 Rg8 24. Rf1 Bxc3 25. Nxc3 Qc5 26. Qxa6 Rc6 27. Bxd7+ Nxd7 28. Qa8+ Rc8 29. Qd5 Qxd5+ 30. exd5 Rg2 1/2-1/2

[Event "Backi Petrovac 11"]
[Site "Backi Petrovac"]
[Date "2023.11.13"]
[Round "6.2"]
[White "Veljkovic, Vojislav"]
[Black "Lalic, Bogdan"]
[Result "0-1"]
[WhiteElo "2163"]
[BlackElo "2366"]
[PlyCount "102"]
[EventDate "2023.11.10"]
[EventType "swiss"]
[EventRounds "9"]
[EventCountry "SRB"]
[SourceTitle "CB47_2023"]
[SourceDate "2023.11.22"]
[SourceVersion "1"]
[SourceVersionDate "2023.11.22"]
[SourceQuality "1"]
[WhiteTeam "Team D"]
[BlackTeam "Team C"]
[WhiteTeamCountry "SRB"]
[BlackTeamCountry "SRB"]

1. Nf3 d5 2. b3 Bg4 3. Bb2 Bxf3 4. exf3 e6 5. f4 Nf6 6. g3 g6 7. Bg2 Bg7 8. 0-0 0-0 9. Re1 c5 10. d3 Nc6 11. Nd2 Ne8 12. Bxg7 Nxg7 13. Nf3 Qa5 14. c4 dxc4 15. dxc4 Rad8 16. Qb1 Nf5 17. Qb2 Rd3 18. Rad1 Rfd8 19. Rxd3 Rxd3 20. Qb1 Nb4 21. Ne5 Rd2 22. a4 Qd8 23. Nf3 Rd6 24. Ng5 b6 25. a5 Nd4 26. Ne4 Rd7 27. axb6 axb6 28. Nc3 h6 29. h4 Ra7 30. Rd1 Qf6 31. Nb5 Nxb5 32. cxb5 Kg7 33. Qe4 Nd5 34. Qe5 Ra3 35. Bxd5 Qxe5 36. fxe5 exd5 37. Rxd5 Rxb3 38. h5 gxh5 39. Kg2 Rxb5 40. f4 Kf8 41. f5 Ke8 42. Rd6 c4 43. Kf3 Rc5 44. Rxb6 c3 45. Rb1 c2 46. Rc1 f6 47. exf6 Kf7 48. Ke2 Kxf6 49. Kd2 Kxf5 50. Rf1+ Kg4 51. Kc1 Kxg3 0-1

[Event "Backi Petrovac 11"]
[Site "Backi Petrovac"]
[Date "2023.11.10"]
[Round "1.2"]
[White "Lalic, Bogdan"]
[Black "Drazic, Sinisa"]
[Result "1/2-1/2"]
[WhiteElo "2366"]
[BlackElo "2281"]
[PlyCount "60"]
[EventDate "2023.11.10"]
[EventType "swiss"]
[EventRounds "9"]
[EventCountry "SRB"]
[SourceTitle "CB47_2023"]
[SourceDate "2023.11.22"]
[SourceVersion "1"]
[SourceVersionDate "2023.11.22"]
[SourceQuality "1"]
[WhiteTeam "Team C"]
[BlackTeam "Team D"]
[WhiteTeamCountry "SRB"]
[BlackTeamCountry "SRB"]

1. d4 Nf6 2. c4 e6 3. Nf3 d5 4. Nc3 Nbd7 5. cxd5 exd5 6. Bg5 c6 7. e3 Be7 8. Qc2 Nh5 9. Bxe7 Qxe7 10. 0-0-0 Nb6 11. h3 Nf6 12. Bd3 Be6 13. Kb1 0-0-0 14. Ne5 Nfd7 15. f4 Nxe5 16. fxe5 f6 17. exf6 Qxf6 18. Rdf1 Qh6 19. Rf4 Rhf8 20. Rhf1 Rxf4 21. Rxf4 g5 22. Rf3 g4 23. hxg4 Bxg4 24. Rf4 Qh1+ 25. Rf1 Qh6 26. Rf4 Qh1+ 27. Rf1 Qh6 28. Rf4 Qh1+ 29. Rf1 Qh6 30. Rf4 Qh1+ 1/2-1/2

[Event "SRB-chT 2nd League"]
[Site "Novi Sad"]
[Date "2023.11.06"]
[Round "7.2"]
[White "Lalic, Bogdan"]
[Black "Kopasz, Robert"]
[Result "1/2-1/2"]
[WhiteElo "2366"]
[BlackElo "2240"]
[PlyCount "24"]
[EventDate "2023.11.02"]
[EventType "team-tourn"]
[EventRounds "11"]
[EventCountry "SRB"]
[SourceTitle "CB46_2023"]
[SourceDate "2023.11.15"]
[SourceVersion "1"]
[SourceVersionDate "2023.11.15"]
[SourceQuality "1"]
[WhiteTeam "Novi Sad Vojvodina"]
[BlackTeam "Senta"]
[WhiteTeamCountry "SRB"]
[BlackTeamCountry "SRB"]

1. d4 Nf6 2. c4 g6 3. Nc3 Bg7 4. Nf3 d6 5. g3 0-0 6. Bg2 Nbd7 7. 0-0 e5 8. e4 c6 9. h3 Re8 10. Re1 a6 11. d5 cxd5 12. cxd5 b5 1/2-1/2

[Event "SRB-chT 2nd League"]
[Site "Novi Sad"]
[Date "2023.11.03"]
[Round "2.2"]
[White "Jocev, Milan"]
[Black "Lalic, Bogdan"]
[Result "1/2-1/2"]
[WhiteElo "2338"]
[BlackElo "2366"]
[PlyCount "26"]
[EventDate "2023.11.02"]
[EventType "team-tourn"]
[EventRounds "11"]
[EventCountry "SRB"]
[SourceTitle "CB46_2023"]
[SourceDate "2023.11.15"]
[SourceVersion "1"]
[SourceVersionDate "2023.11.15"]
[SourceQuality "1"]
[WhiteTeam "Dec"]
[BlackTeam "Novi Sad Vojvodina"]
[WhiteTeamCountry "SRB"]
[BlackTeamCountry "SRB"]

1. d4 d5 2. Bf4 c5 3. e3 Nc6 4. c3 Nf6 5. Nd2 e6 6. Ngf3 cxd4 7. exd4 Nh5 8. Be3 Bd6 9. Bd3 Nf4 10. Bxf4 Bxf4 11. 0-0 0-0 12. Re1 g6 13. Bf1 Qb6 1/2-1/2

[Event "CRO-chT1A 31st"]
[Site "Veli Losinj"]
[Date "2023.10.12"]
[Round "2.3"]
[White "Doric, Darko"]
[Black "Lalic, Bogdan"]
[Result "1/2-1/2"]
[WhiteElo "2439"]
[BlackElo "2345"]
[PlyCount "68"]
[EventDate "2023.10.11"]
[EventType "team-tourn"]
[EventRounds "7"]
[EventCountry "CRO"]
[SourceTitle "Mega2024 Update 01"]
[Source "Chessbase"]
[SourceDate "2023.11.12"]
[SourceVersion "1"]
[SourceVersionDate "2023.11.12"]
[SourceQuality "1"]
[WhiteTeam "Sveta Nedelja"]
[BlackTeam "Kastel Novi"]
[WhiteTeamCountry "CRO"]
[BlackTeamCountry "CRO"]

1. d4 d5 2. Nf3 Nf6 3. Bf4 c5 4. e3 Nc6 5. Nbd2 cxd4 6. exd4 Bf5 7. c3 e6 8. Be2 Bd6 9. Bxd6 Qxd6 10. 0-0 h6 11. Re1 0-0 12. Bf1 Ne4 13. Re3 Rab8 14. a4 Qc7 15. Qb3 Nxd2 16. Nxd2 a6 17. Qa3 e5 18. dxe5 Nxe5 19. h3 Rbd8 20. Rae1 Nc6 21. Nf3 Be4 22. Nd4 Nxd4 23. cxd4 Qb6 24. Rd1 Rc8 25. a5 Qf6 26. Rc3 Bf5 27. Qb3 Rxc3 28. bxc3 Qc6 29. Re1 Be6 30. Qb4 Rc8 31. Re3 Qc7 32. g3 Rb8 33. Re1 b5 34. axb6 Rxb6 1/2-1/2

[Event "Manchester op"]
[Site "Bolton"]
[Date "2023.08.18"]
[Round "1"]
[White "Lalic, Bogdan"]
[Black "Sajanani, Vikas"]
[Result "1-0"]
[WhiteElo "2346"]
[BlackElo "1737"]
[PlyCount "161"]
[EventDate "2023.08.18"]
[EventType "swiss"]
[EventRounds "5"]
[EventCountry "ENG"]
[SourceTitle "CBM 215 Extra"]
[Source "ChessBase"]
[SourceDate "2023.09.30"]
[SourceVersion "1"]
[SourceVersionDate "2023.09.30"]
[SourceQuality "1"]

1. d4 d5 2. c4 e6 3. Nc3 Nf6 4. Bg5 Bb4 5. cxd5 exd5 6. e3 0-0 7. Bd3 h6 8. Bh4 c6 9. Nge2 Be7 10. Qc2 b6 11. 0-0 Ba6 12. Bxa6 Nxa6 13. Rac1 Qd7 14. Rfd1 Rac8 15. a3 Rfe8 16. b4 Nc7 17. Qb3 Ne4 18. Bxe7 Rxe7 19. a4 Nf6 20. Nf4 Ne6 21. Nd3 Qe8 22. h3 Rd7 23. Rc2 c5 24. bxc5 bxc5 25. Nxc5 Nxc5 26. dxc5 Rxc5 27. Nb5 Qc8 28. Rdc1 Rxc2 29. Rxc2 Qb7 30. Qc3 Ne4 31. Qc8+ Kh7 32. Qxb7 Rxb7 33. f3 Nf6 34. Rc6 Nd7 35. Nd6 Rb6 36. Rxb6 axb6 37. Nc8 g6 38. Kf2 Kg7 39. Ke2 Kf8 40. Kd2 Ke8 41. Kc3 Kd8 42. Na7 Kc7 43. Kd4 Nc5 44. Nb5+ Kc6 45. Nc3 h5 46. g4 h4 47. f4 Kd6 48. Nxd5 Nxa4 49. f5 b5 50. e4 Kd7 51. e5 gxf5 52. gxf5 Kc6 53. Ne3 Nb6 54. Ng2 b4 55. Nxh4 b3 56. Nf3 b2 57. Nd2 Nd7 58. h4 Nf8 59. h5 Nh7 60. h6 Ng5 61. Nb1 Nh7 62. Nc3 Ng5 63. Kc4 Kd7 64. Kb3 Ke7 65. Kxb2 Kf8 66. Nd5 Nf3 67. e6 fxe6 68. fxe6 Ng5 69. e7+ Kf7 70. Kc3 Ne4+ 71. Kd4 Nd6 72. Kc5 Ne8 73. Kc6 Kg6 74. Kd7 Kxh6 75. Kxe8 Kg7 76. Kd7 Kg8 77. e8Q+ Kg7 78. Qe7+ Kh8 79. Qg5 Kh7 80. Nf6+ Kh8 81. Qg8# 1-0

[Event "Wroclaw Anderssen Memorial op-A"]
[Site "Wroclaw"]
[Date "2023.08.13"]
[Round "9"]
[White "Lalic, Bogdan"]
[Black "Kazmierowski, Tymon"]
[Result "1/2-1/2"]
[WhiteElo "2346"]
[BlackElo "2063"]
[PlyCount "136"]
[EventDate "2023.08.06"]
[EventType "swiss"]
[EventRounds "9"]
[EventCountry "POL"]
[SourceTitle "CBM 215 Extra"]
[Source "ChessBase"]
[SourceDate "2023.09.30"]
[SourceVersion "1"]
[SourceVersionDate "2023.09.30"]
[SourceQuality "1"]

1. d4 Nf6 2. c4 e6 3. Nf3 b6 4. g3 Ba6 5. Nbd2 Bb4 6. Qc2 c5 7. Bg2 Bb7 8. dxc5 bxc5 9. 0-0 Bxd2 10. Bxd2 0-0 11. Bf4 Qe7 12. Rfd1 d5 13. cxd5 exd5 14. Nh4 Nbd7 15. b4 g6 16. bxc5 Qxc5 17. Qxc5 Nxc5 18. Nf3 Rfe8 19. Rac1 Ne6 20. Be5 Nd7 21. Ba1 Rac8 22. e3 Nb6 23. Nd4 Nxd4 24. Bxd4 Rxc1 25. Rxc1 Rc8 26. Rb1 Bc6 27. Bxb6 Rb8 28. Rd1 Rxb6 29. Bxd5 Bxd5 30. Rxd5 Ra6 31. Rd2 h5 32. h4 Kg7 33. Kf1 Kf6 34. Ke2 Ke5 35. Kd1 Ke4 36. Rd4+ Ke5 37. a4 Rf6 38. Ke2 Ra6 39. g4 hxg4 40. Rxg4 Kd5 41. Rg5+ Ke6 42. a5 Rc6 43. h5 gxh5 44. Rxh5 Rc2+ 45. Kf3 Ra2 46. e4 a6 47. Rf5 Ra3+ 48. Kg4 Ra1 49. Rc5 Kd6 50. Rh5 Ke7 51. f4 Ra4 52. Re5+ Kf6 53. Kh5 Rb4 54. Kh6 Rc4 55. Rf5+ Ke6 56. Kg7 Rxe4 57. Rxf7 Ra4 58. Rf6+ Ke7 59. f5 Rxa5 60. Rf7+ Kd6 61. f6 Rg5+ 62. Kh6 Ke6 63. Ra7 Rf5 64. Kg7 Rg5+ 65. Kf8 Kxf6 66. Rxa6+ Kf5 67. Ra5+ Kf6 68. Rxg5 Kxg5 1/2-1/2

[Event "Wroclaw Anderssen Memorial op-A"]
[Site "Wroclaw"]
[Date "2023.08.09"]
[Round "5"]
[White "Lalic, Bogdan"]
[Black "Miasik, Adrian"]
[Result "1-0"]
[WhiteElo "2346"]
[BlackElo "2018"]
[PlyCount "119"]
[EventDate "2023.08.06"]
[EventType "swiss"]
[EventRounds "9"]
[EventCountry "POL"]
[SourceTitle "CBM 215 Extra"]
[Source "ChessBase"]
[SourceDate "2023.09.30"]
[SourceVersion "1"]
[SourceVersionDate "2023.09.30"]
[SourceQuality "1"]

1. d4 d5 2. c4 e6 3. Nf3 c5 4. cxd5 exd5 5. g3 Nc6 6. Bg2 Nf6 7. 0-0 a6 8. Nc3 Be7 9. Bf4 0-0 10. Rc1 c4 11. Ne5 Bf5 12. h3 Rc8 13. g4 Be6 14. Nxc4 dxc4 15. d5 Bd7 16. d6 Re8 17. dxe7 Qxe7 18. e4 h6 19. Bd6 Qd8 20. f4 Qb6+ 21. Rf2 Be6 22. e5 Red8 23. Na4 Qa7 24. Qe1 Rxd6 25. exd6 b5 26. Nc3 Nb4 27. Bf1 Nd3 28. Bxd3 cxd3 29. Ne4 Rxc1 30. Nxf6+ gxf6 31. Qxc1 Qd4 32. f5 Bd7 33. Qf4 Qd5 34. b3 Bc6 35. Rd2 Qh1+ 36. Kf2 Qg2+ 37. Ke3 Qg1+ 38. Kxd3 b4 39. Qxb4 Bb5+ 40. Kc2 Qa1 41. Qc3 Qxa2+ 42. Qb2 Qa5 43. d7 Qd8 44. Qxf6 Qxf6 45. d8Q+ Qxd8 46. Rxd8+ Kg7 47. Rd6 Bf1 48. h4 Bh3 49. g5 Bxf5+ 50. Kc3 hxg5 51. hxg5 Bc8 52. b4 Bb7 53. Kd4 Bc8 54. Kc5 Kh7 55. Kb6 Be6 56. Kxa6 Kg6 57. b5 Kxg5 58. b6 Bc8+ 59. Ka7 f5 60. Rd8 1-0